000 00841nam a2200205 i 4500
001 137417
003 ES-MaACL
005 20240527195148.0
007 t|
008 070214s1981 sp c |||| | spa d
100 1 _aSánchez-Albornoz, Claudio,
_d1893-1984
_9102440
245 1 0 _aOrígenes del Reino de Pamplona
_b: su vinculación con el Valle del Ebro /
_cClaudio Sánchez-Albornoz ; introducción, recogida y ordenación de textos por Francisco Javier de Lizarda Inda.
260 _aPamplona :
_bInstitución Príncipe de Viana,
_c1981.
300 _a217 p., 5 lám. :
_bretr. autor ;
_c24 cm.
651 4 _aNavarra (Reino)-
_xHistoria.
_99115
700 1 _aLizarda Inda, Francisco Javier de.
_972610
710 2 _aInstitución Príncipe de Viana
_94730
852 _aES-MaACL
_jL-3083
_bR.103224
999 _c137417
_d137417